| 000 | 00704cam a2200193 a 4500 | ||
|---|---|---|---|
| 001 | 000002354 | ||
| 005 | 20200929150204.0 | ||
| 008 | 801014s1965 sp af 001 0 spa | ||
| 040 |
_aDO-SdBNP _bspa _cBNPHU |
||
| 082 |
_a639.1 _bE771c, 1965 |
||
| 100 | 1 |
_aEspaña Paya, J. _97483 |
|
| 245 | 1 | 0 |
_aCaza de alimañas : _blas costumbres, reconocimiento y caza con armas de fuego y cepos de los llamados mamíferos dañinos / _cJ. España Paya; prólogo, Jaime de Foxá Torroba. |
| 250 | _a2a ed. | ||
| 260 |
_aMadrid : _bParaninfo, _c1965. |
||
| 300 |
_a281 p., : _bil., retrs. ; _c21 cm. |
||
| 650 | 4 |
_aCaza _zEspaña _97484 |
|
| 650 | 4 |
_aPredadores _xCaza _97485 |
|
| 700 | 1 |
_aFoxá Torroba, Jaime de _eprol. _97486 |
|
| 999 |
_c2196 _d2196 |
||